Breve historia de Finlandia / (Record no. 20656)
[ view plain ]
| 000 -CABECERA | |
|---|---|
| campo de control de longitud fija | 00727nam a22002297a 4500 |
| 003 - IDENTIFICADOR DEL NÚMERO DE CONTROL | |
| campo de control | OSt |
| 005 - FECHA Y HORA DE LA ÚLTIMA TRANSACCIÓN | |
| campo de control | 20260601171015.0 |
| 008 - DATOS DE LONGITUD FIJA--INFORMACIÓN GENERAL | |
| campo de control de longitud fija | 260507b1997\\\\fi\a||||\||||\00|\0\spa\d |
| 020 ## - NÚMERO INTERNACIONAL ESTÁNDAR DEL LIBRO | |
| Número Internacional Estándar del Libro | 9511150863 |
| 040 ## - FUENTE DE LA CATALOGACIÓN | |
| Centro catalogador/agencia de origen | ICI |
| Lengua de catalogación | spa |
| Centro/agencia transcriptor | ICI |
| 041 ## - CÓDIGO DE LENGUA | |
| Código de lengua del texto/banda sonora o título independiente | spa |
| 050 #4 - SIGNATURA TOPOGRÁFICA DE LA BIBLIOTECA DEL CONGRESO | |
| Número de clasificación | DL1032 |
| Número de documento/Ítem | K5518 |
| 100 #1 - ENTRADA PRINCIPAL--NOMBRE DE PERSONA | |
| Nombre de persona | Klinge, Matti, |
| Término indicativo de función/relación | autor |
| 9 (RLIN) | 33779 |
| 245 #1 - MENCIÓN DE TÍTULO | |
| Título | Breve historia de Finlandia / |
| Mención de responsabilidad, etc. | Matti Klinge ; traduccion Ursula Ojanen, Joaquin Fernandez |
| 264 ## - PRODUCCIÓN, PUBLICACIÓN, DISTRIBUCIÓN, FABRICACIÓN Y COPYRIGHT | |
| Producción, publicación, distribución, fabricación y copyright | Finlandia: |
| Nombre del de productor, editor, distribuidor, fabricante | Otava, |
| Fecha de producción, publicación, distribución, fabricación o copyright | 1997 |
| 300 ## - DESCRIPCIÓN FÍSICA | |
| Extensión | 176 páginas : |
| Otras características físicas | ilustraciones |
| 650 ## - PUNTO DE ACCESO ADICIONAL DE MATERIA--TÉRMINO DE MATERIA | |
| Término de materia o nombre geográfico como elemento de entrada | Finlandia |
| Subdivisión general | Historia |
| 9 (RLIN) | 33780 |
| 700 #1 - PUNTO DE ACCESO ADICIONAL--NOMBRE DE PERSONA | |
| Nombre de persona | Ojanen, Ursula, |
| Término indicativo de función/relación | traductor |
| 9 (RLIN) | 33781 |
| 700 #1 - PUNTO DE ACCESO ADICIONAL--NOMBRE DE PERSONA | |
| Nombre de persona | Fernandez, Joaquin, |
| Término indicativo de función/relación | traductor |
| 9 (RLIN) | 33782 |
| 700 #1 - PUNTO DE ACCESO ADICIONAL--NOMBRE DE PERSONA | |
| Nombre de persona | Lindfors, Sinikka, |
| Término indicativo de función/relación | Diseño |
| 9 (RLIN) | 33783 |
| 942 ## - ELEMENTOS DE PUNTO DE ACCESO ADICIONAL (KOHA) | |
| Fuente del sistema de clasificación o colocación | Library of Congress Classification |
| Tipo de ítem Koha | Libros |
| Suprimir en OPAC | 1 |
No items available.